000 01319nam a2200385 c 4500
001 48365
003 ES-MaCES
005 20161019131218.0
008 161019s2016 sp 000 | spa d
017 _aBI 18051-2016
_bDL
020 _a9788491198444
040 _aES-MaCES
_bspa
_cES-MaCES
100 1 _aBlasco Lahoz, José Francisco
_97894
245 1 0 _aSeguridad Social
_b: régimen general, regímenes especiales y prestaciones no contributivas
_cJosé Francisco Blasco Lahoz
250 _a4ª ed
260 _aValencia
_bTirant lo Blanch
_c2016
300 _a1734 p.
_c24 cm
490 1 _aEsfera
504 _aBibliografía
541 _cCompra
650 4 _aseguridad social
_927034
650 4 _aadministración de la seguridad social
_930264
650 4 _arégimen universal de prestaciones
_930153
650 4 _aregímenes especiales de Seguridad Social
_931067
650 4 _aprestaciones no contributivas
_930900
650 4 _alegislación de seguridad social
_929855
650 4 _acampo de aplicación
_930263
650 4 _aEspaña
_926964
650 4 _arégimen jurídico
_929894
653 1 0 _aDerecho del trabajo y Seguridad Social
775 0 _tSeguridad Social
_w(ES-MaCES)23876
830 0 _aTirant lo Blanch esfera
_934434
902 _aLIB Libro
942 _2CES
_cBK
_h6.0.1.
999 _c48365
_d48365